| 000 | 02094nam0a2200385 4500 | ||
|---|---|---|---|
| 001 | RU\NLR\BIBL_A\010528077 | ||
| 005 | 20260406134745.0 | ||
| 035 | _a(NLR Aleph) 010528077 | ||
| 090 |
_a10244773 _c10244773 |
||
| 100 | _a20141112d2009 |||y0rusy50 ca | ||
| 101 | 1 |
_arus _aeng _aabk _cabk |
|
| 102 | _aRU | ||
| 105 | _aa z 000ay | ||
| 200 | 1 |
_aАбхазский фольклор _dAbkhazian folklore _dАҧсуа фольклор _fАбхаз. гос. ун-т, Обществ. фонд науки _gавт.-сост. Олег Шамба, Игорь Хварцкия _gпер. Роджер Джесси _gил. Е. и М. Белецких _zeng _zabk |
|
| 210 |
_aСухум _cАбхаз. гос. ун-т _d2009 |
||
| 215 |
_a83 с. _cил., цв. ил. _d20 |
||
| 300 | _aЗагл. обл.: Abkhazian folklore in Russian English Abkhazian | ||
| 300 | _aТекст парал. на рус., англ. и абхаз. яз. | ||
| 327 | 1 | _aСодерж.: Разделы: Героические сказания о нартах; Мифы об Абрскиле; Ажвейпш и сова; Легенда о Рице; Пословицы | |
| 510 | 1 |
_aAbkhazian folklore _zeng |
|
| 510 | 1 |
_aАҧсуа фольклор _zabk |
|
| 512 | 1 |
_aAbkhazian folklore in Russian English Abkhazian _zeng |
|
| 606 | 1 |
_aАбхазский фольклор _91077354 _3RU\NLR\AUTH\66101825 |
|
| 686 | 1 | _aШ3(247=Аб)-6я43 | |
| 702 | 1 |
_aДжесси _bР. _gРоджер _4730 |
|
| 702 | 1 |
_4220 _7ca _8rus _aШамба _bО.Б. _cканд. экон. наук, литературовед _f1938-2016 _gОлег Багратович _9198242 _3RU\NLR\AUTH\770198293 |
|
| 702 | 1 |
_aБелецкий _bЕ. _gЕвгений _4440 |
|
| 702 | 1 |
_aБелецкий _bМ. _gМихаил _4440 |
|
| 712 | 0 | 2 |
_4570 _aАбхазский государственный университет _cСухум _3RU\NLR\AUTH\889917760 _9331659 |
| 852 |
_aNLR _bОНЛ _jАбхаз./2-1333 |
||
| 942 | _cBOOK | ||
| 980 | _aNB | ||